The lived experience of paid caregivers caring for a school-aged child with autism / (Record no. 285007)
[ view plain ]
| 000 -LEADER | |
|---|---|
| fixed length control field | 00597nam a2200133Ia 4500 |
| 008 - FIXED-LENGTH DATA ELEMENTS--GENERAL INFORMATION | |
| fixed length control field | 150609s9999 xx 000 0 und d |
| 050 ## - LIBRARY OF CONGRESS CALL NUMBER | |
| Classification number | RC 553.A88 |
| Item number | .G669 2015 |
| 100 ## - MAIN ENTRY--PERSONAL NAME | |
| Personal name | Gonzales, Christianne Rae. |
| 245 #4 - TITLE STATEMENT | |
| Title | The lived experience of paid caregivers caring for a school-aged child with autism / |
| Statement of responsibility, etc | Christianne Rae Gonzales, Katchella Andrea Lim, Reah Mikel Luzuriaga, Rachel Anne Mañalac, and Katrina Bianca Navarro. |
| 260 ## - PUBLICATION, DISTRIBUTION, ETC. (IMPRINT) | |
| Place of publication, distribution, etc | Las Piñas, Philippines : |
| Name of publisher, distributor, etc | SISC, |
| Date of publication, distribution, etc | 2015. |
| 300 ## - PHYSICAL DESCRIPTION | |
| Extent | 93 pages : |
| Dimensions | 28 cm. |
| 500 ## - GENERAL NOTE | |
| General note | Includes bibliographical references and appendices. |
| 650 ## - SUBJECT ADDED ENTRY--TOPICAL TERM | |
| Topical term or geographic name as entry element | Autism |
| Withdrawn status | Lost status | Damaged status | Home library | Current library | Shelving location | Date acquired | Total Checkouts | Full call number | Barcode | Date last seen | Price effective from | Koha item type |
|---|---|---|---|---|---|---|---|---|---|---|---|---|
| College Library | College Library | 06/09/2015 | RC 553.A88 .G669 2015 | T0739 | 05/15/2018 | 06/09/2015 | Theses |